000 00654nam a2200217 u 4500
005 20240910064109.0
008 080520s2005 es r 000 0 spa d
020 _a8426352839
035 _aUPN01000156017
049 _aI
050 4 _aPZ71
_bK4.7
100 1 _aKeselman, Gabriela,
_d1953-
_931735
245 1 1 _a¡Sólo a mí me pasa! /
_cGabriela Keselman ; il. Marcelo Elizalde.
260 _aZaragoza, Esp. :
_bEdelvives,
_c2005.
300 _a46 p. :
_bprincipalmente il. col.
440 0 _aAla delta ;
_v34.
_pRoja
650 4 _aCuentos infantiles
_96744
650 7 _aAmistad
_2
_94317
700 1 _aElizalde, Marcelo,
_eil.
905 _aInfantil
999 _c128131
_d128131